| 000 | 00823cam a2200241 4500 | ||
|---|---|---|---|
| 001 | ABS61559 | ||
| 008 | 000000n1999 000 0 eng u | ||
| 035 | _a(Sirsi) u102611 | ||
| 100 | _aArden, M. | ||
| 245 | _aElectronic commerce - part 2 | ||
| 260 | _c1999 | ||
| 490 |
_aNew Law Journal _v149(6913) 19 November 1999, 1731-1732(2) |
||
| 520 | _aThe second of two articles discussing the impact of electronic commerce on contract, tort and criminal law. This article looks at tort and criminal law, and covers defamation, defences, and crimes such as fraud. | ||
| 590 | _aABS | ||
| 650 | _aELECTRONIC COMMERCE | ||
| 650 | _aTORT | ||
| 650 | _aCRIMINAL LAW | ||
| 650 | _aFRAUD | ||
| 650 | _aDEFAMATION | ||
| 650 | _aDEFENCES | ||
| 690 | _aMANAGEMENT-BUSINESS MANAGEMENT-INFORMATION MANAGEMENT | ||
| 942 | _n0 | ||
| 999 |
_c61609 _d61609 |
||